00335nam a2200133Ia 4500008004100000020001500041041001200056082001600068100001600084245005100100260003500151300000800186650000700194221030s9999 xx 000 0 und d a8121922380 aEnglish a105.23bGup aB. R. Gupta 0aPower System Analysis & Designcby B. R. Gupta bS.Chand & Co.aNew Delhic2003 a644 aEE